000 00257nam a22001217a 4500
008 170822b xxu||||| |||| 00| 0 eng d
041 _aeng
080 _a51
100 _a37
101 _aMAT
245 _aCOLLEGE ALGEBRA
_cBLITZER.R
942 _2udc
_cBK
999 _c24446
_d24446